000 00841nam a22002417a 4500
999 _c7235
_d7235
003 AR-CdUCM
008 190320b ||||| |||| 00| 0 spa d
040 _aMUNICIPALIDAD PROVINCIAL DEL CUSCO
_cBIBLIOTECA MUNICIPAL DEL CUSCO
041 _heng
082 _a631.4 /
_bCH21
100 _aChapman, Homer D.
_920390
245 _aMétodos de análisis para suelos :
_bplantas y aguas /
260 _aMéxico, D. F :
_bTrillas,
_c1973.
300 _a195 páginas ;
_bIlustraciones,
_c28 cm.
500 _aTitulo original: Methods of analysis for soils, plants.
505 _aAnálisis de suelos -- Análisis de plantas -- Análisis de aguas -- Aluminio ...
650 _aSuelos
_919092
650 _aEdafología
_920391
650 _aQuímica agrícola
_920392
700 _aPratt, Parker F.
_920393
942 _2ddc
_cLIBROS
945 _aacv